[Event "HUN-chT U18"]
[Site "Miskolc"]
[Date "2011.11.06"]
[Round "8.4"]
[White "Vince, Andrea"]
[Black "Palla, Akos Botond"]
[Result "1/2-1/2"]
[WhiteElo "2133"]
[BlackElo "1928"]
[PlyCount "92"]
[EventDate "2011.11.02"]
[EventType "team-swiss"]
[EventRounds "8"]
[EventCountry "HUN"]
[SourceTitle "EXT 2012"]
[Source "ChessBase"]
[SourceDate "2011.11.24"]
[SourceVersion "1"]
[SourceVersionDate "2011.11.24"]
[SourceQuality "1"]
[WhiteTeam "Decs"]
[BlackTeam "Sarkany"]
[WhiteTeamCountry "HUN"]
[BlackTeamCountry "HUN"]

1. d4 d5 2. c4 e6 3. Nf3 Nf6 4. e3 c6 5. Nbd2 Nbd7 6. Bd3 c5 7. 0-0 Bd6 8. b3 0-0 9. Bb2 b6 10. Ne5 Bb7 11. h3 Qc7 12. f4 Rac8 13. Rc1 Qb8 14. cxd5 exd5 15. Nxd7 Nxd7 16. dxc5 Bxc5 17. Rxc5 Nxc5 18. Bf5 Rc6 19. Nf3 Ne4 20. Ne5 Rd6 21. Nd7 Rxd7 22. Bxd7 Qd6 23. Bf5 Ng3 24. Qg4 Nxf5 25. Qxf5 Qe6 26. Qd3 Re8 27. Bd4 Rc8 28. f5 Qe4 29. Qxe4 dxe4 30. f6 g5 31. h4 gxh4 32. Rf4 h3 33. Rg4+ Kh8 34. gxh3 Rg8 35. Kf2 Rxg4 36. hxg4 h6 37. Kg3 Kh7 38. Kf4 Kg6 39. b4 b5 40. Bxa7 Kxf6 41. Bc5 Bc8 42. Bf8 Kg6 43. Kxe4 Bxg4 44. Be7 Be6 45. a3 f6 46. Kf4 Bb3 1/2-1/2

[Event "HUN-chT U18"]
[Site "Miskolc"]
[Date "2011.11.04"]
[Round "5.4"]
[White "Dankhazi, Andras"]
[Black "Vince, Andrea"]
[Result "1-0"]
[WhiteElo "2085"]
[BlackElo "2133"]
[PlyCount "99"]
[EventDate "2011.11.02"]
[EventType "team-swiss"]
[EventRounds "8"]
[EventCountry "HUN"]
[SourceTitle "EXT 2012"]
[Source "ChessBase"]
[SourceDate "2011.11.24"]
[SourceVersion "1"]
[SourceVersionDate "2011.11.24"]
[SourceQuality "1"]
[WhiteTeam "Paks"]
[BlackTeam "Decs"]
[WhiteTeamCountry "HUN"]
[BlackTeamCountry "HUN"]

1. d4 Nf6 2. c4 e6 3. Nf3 b6 4. a3 Bb7 5. Nc3 d6 6. d5 e5 7. e4 a5 8. Bd3 Nbd7 9. Be3 g6 10. 0-0 Bg7 11. Nd2 0-0 12. Rb1 Nc5 13. Be2 Bc8 14. b4 axb4 15. axb4 Na6 16. Ra1 Bb7 17. Qb3 Nd7 18. Na4 f5 19. f3 f4 20. Bf2 Bc8 21. Qc3 g5 22. Nb3 Rf6 23. c5 dxc5 24. bxc5 Rh6 25. cxb6 cxb6 26. Nd2 Qe8 27. Rfb1 Qh5 28. Nf1 Bf8 29. Nxb6 Nxb6 30. Rxb6 Rxb6 31. Bxb6 Qg6 32. Bf2 g4 33. Qc6 Qxc6 34. dxc6 gxf3 35. gxf3 Nc7 36. Rxa8 Nxa8 37. Nd2 Kg7 38. Nc4 Ba6 39. Kf1 Kf6 40. Nb6 Bxe2+ 41. Kxe2 Nxb6 42. Bxb6 Ke6 43. Kd3 Bg7 44. Kc4 Kd6 45. c7 Kd7 46. Kd5 Bh8 47. Ba5 Bg7 48. Bc3 Kxc7 49. Bxe5+ Bxe5 50. Kxe5 1-0

[Event "HUN-chT2 Charousek 1011"]
[Site "Hungary"]
[Date "2011.04.17"]
[Round "9"]
[White "Amrein, Roland"]
[Black "Vince, Andrea"]
[Result "1-0"]
[WhiteElo "2202"]
[BlackElo "2105"]
[PlyCount "57"]
[EventDate "2010.09.12"]
[EventType "team-tourn"]
[EventRounds "11"]
[EventCountry "HUN"]
[SourceTitle "EXT 2012"]
[Source "ChessBase"]
[SourceDate "2011.11.24"]
[SourceVersion "1"]
[SourceVersionDate "2011.11.24"]
[SourceQuality "1"]
[WhiteTeam "Pannonpower"]
[BlackTeam "Decs II"]
[WhiteTeamCountry "HUN"]
[BlackTeamCountry "HUN"]

1. e4 c5 2. Nf3 e6 3. d4 cxd4 4. Nxd4 Nf6 5. Nc3 d6 6. Be2 a6 7. 0-0 Nbd7 8. Be3 b5 9. f4 Bb7 10. e5 dxe5 11. fxe5 Nxe5 12. Ncxb5 axb5 13. Bxb5+ Ned7 14. Nxe6 fxe6 15. Rxf6 gxf6 16. Qh5+ Ke7 17. Rd1 Bd5 18. c4 Qe8 19. Qe2 Qg6 20. cxd5 Rg8 21. dxe6 Qxg2+ 22. Qxg2 Rxg2+ 23. Kxg2 Ne5 24. Bd7 Nxd7 25. exd7 Rb8 26. d8Q+ Rxd8 27. Bc5+ Kf7 28. Rxd8 Bxc5 29. a3 1-0

[Event "HUN-chT U18"]
[Site "Miskolc"]
[Date "2010.11.05"]
[Round "6.2"]
[White "Szente Varga, Fruzsina"]
[Black "Vince, Andrea"]
[Result "0-1"]
[WhiteElo "1940"]
[BlackElo "2105"]
[PlyCount "60"]
[EventDate "2010.11.02"]
[EventType "team-swiss"]
[EventRounds "8"]
[EventCountry "HUN"]
[SourceTitle "EXT 2016"]
[Source "ChessBase"]
[SourceDate "2015.10.08"]
[SourceVersion "1"]
[SourceVersionDate "2015.10.08"]
[SourceQuality "1"]

1. e4 c5 2. Nf3 e6 3. c4 Nc6 4. Nc3 Nf6 5. d4 cxd4 6. Nxd4 Qc7 7. Be2 a6 8. Be3 Bb4 9. Qc2 Ne5 10. Bf4 Nd3+ 11. Bxd3 Qxf4 12. Nde2 Qc7 13. a3 Be7 14. b4 b6 15. Rc1 Bb7 16. Qd2 Rc8 17. f4 d6 18. 0-0 0-0 19. Qe3 g6 20. Na4 Nd7 21. Rf3 Rfe8 22. Rh3 Bf8 23. Qg3 Qd8 24. Nac3 Bg7 25. Qf2 f5 26. Nd4 Nf6 27. exf5 Ng4 28. Nxe6 Nxf2 29. Nxd8 Nxh3+ 30. gxh3 Rcxd8 0-1

[Event "HUN-chT U18"]
[Site "Miskolc"]
[Date "2010.11.04"]
[Round "4.1"]
[White "Varga, Melinda"]
[Black "Vince, Andrea"]
[Result "0-1"]
[WhiteElo "2025"]
[BlackElo "2105"]
[PlyCount "50"]
[EventDate "2010.11.02"]
[EventType "team-swiss"]
[EventRounds "8"]
[EventCountry "HUN"]
[SourceTitle "EXT 2016"]
[Source "ChessBase"]
[SourceDate "2015.10.08"]
[SourceVersion "1"]
[SourceVersionDate "2015.10.08"]
[SourceQuality "1"]

1. Nf3 Nf6 2. c4 e6 3. g3 d5 4. Bg2 d4 5. d3 c5 6. 0-0 Nc6 7. b3 Be7 8. Bb2 e5 9. e3 Bg4 10. exd4 exd4 11. Re1 Qd7 12. Nbd2 0-0-0 13. a3 h5 14. Ne4 Nxe4 15. dxe4 h4 16. Qd2 hxg3 17. hxg3 Rh5 18. e5 Rdh8 19. Qf4 Bh3 20. Bh1 g5 21. Qd2 Bg4 22. Bg2 Qf5 23. Qd1 Qh7 24. Kf1 d3 25. Qd2 Bxf3 0-1

[Event "HUN-chT U18"]
[Site "Miskolc"]
[Date "2010.11.03"]
[Round "3.2"]
[White "Vince, Andrea"]
[Black "Szalaji, Renata"]
[Result "1-0"]
[WhiteElo "2105"]
[BlackElo "1831"]
[PlyCount "55"]
[EventDate "2010.11.02"]
[EventType "team-swiss"]
[EventRounds "8"]
[EventCountry "HUN"]
[SourceTitle "EXT 2016"]
[Source "ChessBase"]
[SourceDate "2015.10.08"]
[SourceVersion "1"]
[SourceVersionDate "2015.10.08"]
[SourceQuality "1"]

1. d4 Nf6 2. Nf3 e6 3. g3 d5 4. c4 Be7 5. Bg2 0-0 6. 0-0 Nc6 7. Nbd2 Re8 8. a3 a5 9. Qc2 Bd7 10. e4 dxe4 11. Nxe4 Nxe4 12. Qxe4 Bf6 13. Rd1 Rb8 14. Bf4 Qc8 15. Bg5 Qd8 16. h4 h6 17. Bf4 Ne7 18. Ne5 Bxe5 19. Qxe5 c6 20. Qxb8 Qxb8 21. Bxb8 Rxb8 22. b4 axb4 23. axb4 b5 24. Ra7 Rc8 25. c5 Nf5 26. Be4 Ne7 27. Rda1 Nd5 28. Rxd7 1-0

[Event "HUN-chT2 Charousek 1011"]
[Site "Hungary"]
[Date "2010.10.10"]
[Round "3"]
[White "Vince, Andrea"]
[Black "Bottyan, Peter"]
[Result "1/2-1/2"]
[WhiteElo "2105"]
[BlackElo "2245"]
[PlyCount "137"]
[EventDate "2010.09.12"]
[EventType "team-tourn"]
[EventRounds "11"]
[EventCountry "HUN"]
[SourceTitle "EXT 2012"]
[Source "ChessBase"]
[SourceDate "2011.11.24"]
[SourceVersion "1"]
[SourceVersionDate "2011.11.24"]
[SourceQuality "1"]
[WhiteTeam "Decs II"]
[BlackTeam "Kisber Aszar"]
[WhiteTeamCountry "HUN"]
[BlackTeamCountry "HUN"]

1. d4 Nf6 2. c4 Nc6 3. Nf3 e6 4. e3 Bb4+ 5. Bd2 Qe7 6. a3 Bxd2+ 7. Qxd2 e5 8. d5 e4 9. dxc6 exf3 10. cxd7+ Bxd7 11. gxf3 0-0-0 12. Qa5 Kb8 13. Nd2 Bc6 14. Rg1 g6 15. 0-0-0 Qd6 16. Rg3 Nh5 17. Rh3 Qd7 18. Qb4 Ba4 19. b3 Bc6 20. Rh4 Qf5 21. Rd4 Rxd4 22. exd4 Bxf3 23. Re1 Nf6 24. d5 Qf4 25. Qc3 Bg4 26. f3 Bc8 27. Qe5 Qxe5 28. Rxe5 Re8 29. Rxe8 Nxe8 30. Ne4 h6 31. c5 Bf5 32. Ng3 Bd7 33. b4 c6 34. d6 Be6 35. Be2 Ng7 36. Bd3 Kc8 37. Kd2 Bd5 38. Be4 Be6 39. a4 f5 40. Bd3 Bd5 41. Be2 b6 42. Nf1 bxc5 43. bxc5 Ne6 44. Ne3 Nxc5 45. Nxd5 cxd5 46. Bb5 Nb7 47. d7+ Kc7 48. Ke3 a5 49. h4 Kd6 50. f4 Nd8 51. Kd3 Ne6 52. Kc3 Kc7 53. Kd3 Nxf4+ 54. Kd4 g5 55. hxg5 hxg5 56. Ke5 d4 57. Kxd4 Ng6 58. Bd3 Nh4 59. Ke5 g4 60. Kf4 Kxd7 61. Kg3 Nf3 62. Bxf5+ Kc6 63. Bxg4 Ne5 64. Be2 Kc5 65. Kf4 Nc4 66. Ke4 Nb2 67. Bb5 Kb4 68. Kd4 Nd1 69. Kd3 1/2-1/2

[Event "Senta op-B 14th"]
[Site "Senta"]
[Date "2010.07.20"]
[Round "5"]
[White "Vince, Andrea"]
[Black "Novak, Tamas"]
[Result "1-0"]
[WhiteElo "2103"]
[BlackElo "1999"]
[PlyCount "65"]
[EventDate "2010.07.17"]
[EventType "swiss"]
[EventRounds "9"]
[EventCountry "YUG"]
[SourceTitle "EXT 2011"]
[Source "ChessBase"]
[SourceDate "2010.11.26"]
[SourceVersion "1"]
[SourceVersionDate "2010.11.26"]
[SourceQuality "1"]

1. d4 Nf6 2. c4 e6 3. Nc3 Bb4 4. a3 Bxc3+ 5. bxc3 Ne4 6. Qc2 f5 7. e3 b6 8. f3 Nf6 9. Bd3 Bb7 10. Ne2 d6 11. 0-0 Nbd7 12. Nf4 Qe7 13. d5 Nc5 14. dxe6 g6 15. Rd1 Nxe6 16. Nd5 Qf7 17. e4 fxe4 18. fxe4 c6 19. Rf1 cxd5 20. cxd5 0-0 21. dxe6 Qxe6 22. Bh6 Rfe8 23. Rae1 Rac8 24. Qd2 Ng4 25. Bb1 Nxh6 26. Ba2 Rc4 27. Qxh6 Bxe4 28. Rf4 Qd5 29. Bxc4 Qxc4 30. Rexe4 Qc5+ 31. Kh1 Qb5 32. Rxe8+ Qxe8 33. Rf1 1-0

[Event "HUN-chT2 Asztalos 0910"]
[Site "Hungary"]
[Date "2009.12.06"]
[Round "3"]
[White "Vince, Andrea"]
[Black "Molnar, Szabolcs"]
[Result "1/2-1/2"]
[WhiteElo "2041"]
[BlackElo "1975"]
[PlyCount "86"]
[EventDate "2009.11.08"]
[EventType "team-tourn"]
[EventRounds "11"]
[EventCountry "HUN"]
[SourceTitle "EXT 2011"]
[Source "ChessBase"]
[SourceDate "2010.11.26"]
[SourceVersion "1"]
[SourceVersionDate "2010.11.26"]
[SourceQuality "1"]
[WhiteTeam "Decs II"]
[BlackTeam "Dombovar"]
[WhiteTeamCountry "HUN"]
[BlackTeamCountry "HUN"]

1. d4 Nf6 2. c4 g6 3. Nc3 Bg7 4. e4 d6 5. Be2 0-0 6. Nf3 e5 7. Be3 Nc6 8. d5 Ne7 9. Nd2 Ne8 10. g4 f5 11. gxf5 gxf5 12. Bg5 Qd7 13. Rg1 Kh8 14. Qc2 Nf6 15. 0-0-0 fxe4 16. Ndxe4 Nxe4 17. Nxe4 Nf5 18. Rg2 Nd4 19. Qd3 Qa4 20. Nc3 Qb4 21. Qe3 Nf5 22. Qe4 Nd4 23. Qe3 Nf5 24. Qd2 Nd4 25. Be3 Bf5 26. Rdg1 Bf6 27. Bg5 Bg6 28. f4 Rae8 29. Bxf6+ Rxf6 30. fxe5 Nxe2+ 31. Rxe2 dxe5 32. Qg5 Rf5 33. Qh4 Qb6 34. c5 Qf6 35. Qxf6+ Rxf6 36. Rge1 Rf5 37. Nb5 e4 38. Nxc7 Rc8 39. d6 Rxc5+ 40. Rc2 Rxc2+ 41. Kxc2 Rd8 42. Nb5 a6 43. Nc3 Rxd6 1/2-1/2

[Event "HUN-chT U18"]
[Site "Miskolc"]
[Date "2009.10.29"]
[Round "6.2"]
[White "Vince, Andrea"]
[Black "Laza, Szabolcs"]
[Result "1-0"]
[WhiteElo "2080"]
[BlackElo "1751"]
[PlyCount "53"]
[EventDate "2009.10.26"]
[EventType "team-swiss"]
[EventRounds "8"]
[EventCountry "HUN"]
[SourceTitle "EXT 2016"]
[Source "ChessBase"]
[SourceDate "2015.10.08"]
[SourceVersion "1"]
[SourceVersionDate "2015.10.08"]
[SourceQuality "1"]

1. d4 d5 2. c4 c6 3. Nf3 Nf6 4. e3 e6 5. Nbd2 Bd6 6. Bd3 Nbd7 7. 0-0 0-0 8. e4 Bc7 9. e5 Ne8 10. Nb3 dxc4 11. Bxc4 Nb6 12. Bd3 f5 13. exf6 Nxf6 14. Nc5 Nbd5 15. Re1 Re8 16. Ne5 b6 17. Ne4 Bb7 18. Ng5 Re7 19. Qc2 h6 20. Bh7+ Kf8 21. Ng6+ Ke8 22. Nxe7 Nxe7 23. Bg6+ Kd7 24. Nxe6 Qg8 25. Nxc7 Kxc7 26. Rxe7+ Kd8 27. Rxb7 1-0

[Event "Paks op-A"]
[Site "Paks"]
[Date "2009.10.04"]
[Round "7"]
[White "Dankhazi, Andras"]
[Black "Vince, Andrea"]
[Result "1/2-1/2"]
[WhiteElo "1941"]
[BlackElo "2080"]
[PlyCount "56"]
[EventDate "2009.09.30"]
[EventType "swiss"]
[EventRounds "7"]
[EventCountry "HUN"]
[SourceTitle "EXT 2011"]
[Source "ChessBase"]
[SourceDate "2010.11.26"]
[SourceVersion "1"]
[SourceVersionDate "2010.11.26"]
[SourceQuality "1"]

1. Nf3 c5 2. c4 Nc6 3. Nc3 g6 4. d4 cxd4 5. Nxd4 Bg7 6. Nb3 d6 7. e4 Nf6 8. Be2 0-0 9. Be3 Be6 10. f3 Rc8 11. Rc1 Nd7 12. Qd2 a5 13. 0-0 b6 14. Nd5 Nc5 15. Nd4 Bd7 16. Nxc6 Bxc6 17. Bd4 e5 18. Be3 Bxd5 19. Qxd5 Ne6 20. Qb5 Nd4 21. Bxd4 exd4 22. Bd3 Rc5 23. Qb3 g5 24. Qd1 Qd7 25. b3 Be5 26. g3 Qh3 27. Qe2 Kh8 28. Qg2 Qe6 1/2-1/2

[Event "EU-ch U16 Girls 19th"]
[Site "Fermo"]
[Date "2009.09.07"]
[Round "7"]
[White "Vince, Andrea"]
[Black "Kazimova, Narmin Nizami Qizi"]
[Result "0-1"]
[WhiteElo "2092"]
[BlackElo "2218"]
[PlyCount "80"]
[EventDate "2009.08.31"]
[EventType "swiss"]
[EventRounds "9"]
[EventCountry "ITA"]
[SourceTitle "CBM 132 Extra"]
[Source "ChessBase"]
[SourceDate "2009.11.03"]
[SourceVersion "1"]
[SourceVersionDate "2009.11.03"]
[SourceQuality "1"]

1. c4 e5 2. Nc3 Nc6 3. e3 Nf6 4. Nf3 d5 5. cxd5 Nxd5 6. Bb5 Nxc3 7. bxc3 Bd6 8. d4 exd4 9. cxd4 Bd7 10. 0-0 0-0 11. Rb1 a6 12. Bd3 Nb4 13. Re1 Nxd3 14. Qxd3 Bb5 15. Qc2 f5 16. d5 Rb8 17. e4 fxe4 18. Rxe4 Bd7 19. Bg5 Qc8 20. Nd4 Bf5 21. Ne6 Rf7 22. Rbe1 Qd7 23. Qa4 Bxe4 24. Qxe4 c6 25. dxc6 bxc6 26. f4 Bb4 27. Rc1 Qd5 28. Qxd5 cxd5 29. Rc6 h6 30. Bd8 a5 31. Ra6 Bd2 32. g3 Rd7 33. Bxa5 Bxa5 34. Rxa5 d4 35. Nc5 Rd5 36. Nb3 Rxa5 37. Nxa5 Rb2 38. Nb3 d3 39. Kf1 Rxa2 40. Ke1 Rxh2 0-1

[Event "EU-ch U16 Girls 19th"]
[Site "Fermo"]
[Date "2009.09.06"]
[Round "6"]
[White "Purgar, Ivona"]
[Black "Vince, Andrea"]
[Result "1-0"]
[WhiteElo "2079"]
[BlackElo "2092"]
[PlyCount "79"]
[EventDate "2009.08.31"]
[EventType "swiss"]
[EventRounds "9"]
[EventCountry "ITA"]
[SourceTitle "CBM 132 Extra"]
[Source "ChessBase"]
[SourceDate "2009.11.03"]
[SourceVersion "1"]
[SourceVersionDate "2009.11.03"]
[SourceQuality "1"]

1. e4 c5 2. Nf3 e6 3. d4 cxd4 4. Nxd4 Nf6 5. Bd3 Nc6 6. Nxc6 dxc6 7. 0-0 e5 8. Qe2 Bc5 9. Bg5 h6 10. Bh4 g5 11. Bg3 Bg4 12. Qe1 Qe7 13. Kh1 Nh5 14. f3 Bd7 15. Bf2 Nf4 16. a3 h5 17. b4 Bxf2 18. Rxf2 h4 19. Bf1 g4 20. fxg4 Bxg4 21. Nd2 0-0-0 22. Qe3 Kb8 23. c4 Rdg8 24. c5 Be6 25. b5 cxb5 26. Rb1 Bd7 27. a4 Rg3 28. Rf3 Rxf3 29. Nxf3 bxa4 30. Ba6 Bc6 31. Bxb7 Kc7 32. Bxc6 Kxc6 33. Qa3 Kc7 34. Qb4 Kd7 35. Rd1+ Kc7 36. Qa5+ Kb8 37. c6 Qc7 38. Rb1+ Kc8 39. Qa6+ Kd8 40. Rb7 1-0

[Event "EU-ch U16 Girls 19th"]
[Site "Fermo"]
[Date "2009.09.04"]
[Round "5"]
[White "Brunello, Marina"]
[Black "Vince, Andrea"]
[Result "1-0"]
[WhiteElo "2159"]
[BlackElo "2092"]
[PlyCount "61"]
[EventDate "2009.08.31"]
[EventType "swiss"]
[EventRounds "9"]
[EventCountry "ITA"]
[SourceTitle "CBM 132 Extra"]
[Source "ChessBase"]
[SourceDate "2009.11.03"]
[SourceVersion "1"]
[SourceVersionDate "2009.11.03"]
[SourceQuality "1"]

1. e4 c5 2. Nf3 Nc6 3. c3 Nf6 4. e5 Nd5 5. d4 cxd4 6. cxd4 d6 7. Bc4 Nb6 8. Bb5 dxe5 9. Nxe5 Bd7 10. Bxc6 Bxc6 11. Nxc6 bxc6 12. 0-0 e6 13. Be3 Be7 14. Qc2 Qd7 15. Nd2 0-0 16. Rac1 Rac8 17. Nb3 Qd5 18. Qe2 Bd6 19. Rc2 f5 20. f3 f4 21. Bf2 Rf6 22. Rfc1 Rg6 23. Kh1 Bb4 24. Bg1 Rc7 25. Nc5 Bxc5 26. Rxc5 Qxa2 27. Rxc6 Rd7 28. Qb5 Qd5 29. R1c5 Qa2 30. Rxb6 axb6 31. Rc8+ 1-0

[Event "SRB-ch U18 Girls"]
[Site "Divcibare"]
[Date "2009.07.29"]
[Round "3"]
[White "Miladinovic, Lena"]
[Black "Vince, Andrea"]
[Result "0-1"]
[WhiteElo "2026"]
[BlackElo "2092"]
[PlyCount "116"]
[EventDate "2009.07.27"]
[EventType "tourn"]
[EventRounds "9"]
[EventCountry "SRB"]
[SourceTitle "EXT 2012"]
[Source "ChessBase"]
[SourceDate "2011.11.24"]
[SourceVersion "1"]
[SourceVersionDate "2011.11.24"]
[SourceQuality "1"]

1. e4 c5 2. Nf3 e6 3. c4 Nc6 4. Nc3 Nf6 5. Be2 Qb6 6. 0-0 Be7 7. d3 0-0 8. a3 Rd8 9. h3 d5 10. cxd5 exd5 11. e5 Ne8 12. Na4 Qc7 13. Bf4 b5 14. Nc3 Qb6 15. Qb3 Nc7 16. Rfd1 Ne6 17. Bh2 Ncd4 18. Qa2 Qc6 19. Nxd4 Nxd4 20. Bf1 Be6 21. Ne2 Nxe2+ 22. Bxe2 d4 23. Bf3 Qxf3 24. gxf3 Bxa2 25. Rxa2 c4 26. Kf1 Rac8 27. dxc4 bxc4 28. Ke2 Rc6 29. Bf4 f6 30. Kd2 Rd5 31. Re1 Kf7 32. h4 Rb6 33. Kc2 Re6 34. b3 c3 35. Kd3 fxe5 36. Rae2 Bf6 37. h5 Re7 38. Bc1 a5 39. Kc4 Red7 40. Kd3 Rb5 41. Kc4 Rdb7 42. f4 exf4 43. Bxf4 Rxb3 44. Bd6 Rb2 45. Kd3 R2b3 46. Rc2 R7b5 47. Rh1 Rb2 48. f4 Rxc2 49. Kxc2 d3+ 50. Kc1 c2 51. Kd2 Rb1 52. Rc1 Bb2 53. Rxc2 dxc2 54. Kxc2 Bxa3 55. Bxa3 Rh1 56. Bd6 Rxh5 57. Kd3 Ke6 58. Be5 Rxe5 0-1

[Event "Senta op-B 13th"]
[Site "Senta"]
[Date "2009.07.25"]
[Round "9"]
[White "Vince, Andrea"]
[Black "Vucinic, Gojko"]
[Result "1-0"]
[WhiteElo "2092"]
[BlackElo "1937"]
[PlyCount "77"]
[EventDate "2009.07.18"]
[EventType "swiss"]
[EventRounds "9"]
[EventCountry "YUG"]
[SourceTitle "EXT 2012"]
[Source "ChessBase"]
[SourceDate "2011.11.24"]
[SourceVersion "1"]
[SourceVersionDate "2011.11.24"]
[SourceQuality "1"]

1. d4 Nf6 2. c4 c5 3. d5 b5 4. cxb5 a6 5. e3 d6 6. Nc3 g6 7. Nf3 Bg7 8. Bc4 0-0 9. 0-0 axb5 10. Bxb5 Ba6 11. Bxa6 Rxa6 12. e4 Rb6 13. Nd2 Nbd7 14. Nc4 Rb4 15. Qe2 Qa8 16. a3 Rb3 17. Kh1 Ne8 18. Bg5 Nef6 19. f4 h6 20. Bh4 Nb6 21. Nxb6 Rxb6 22. Rad1 Rfb8 23. Rd2 Qb7 24. e5 dxe5 25. fxe5 Nd7 26. Bg3 Rxb2 27. e6 Bxc3 28. Rxb2 Qxb2 29. Qxb2 Bxb2 30. exd7 Rd8 31. Rb1 Bf6 32. Rb8 e6 33. Rxd8+ Bxd8 34. d6 Kg7 35. Be5+ f6 36. Bc3 e5 37. a4 Kf7 38. a5 Ke6 39. a6 1-0

[Event "Senta op-B 13th"]
[Site "Senta"]
[Date "2009.07.19"]
[Round "3"]
[White "Vince, Andrea"]
[Black "Bicskei, Mihaly"]
[Result "1-0"]
[WhiteElo "2092"]
[BlackElo "1959"]
[PlyCount "65"]
[EventDate "2009.07.18"]
[EventType "swiss"]
[EventRounds "9"]
[EventCountry "YUG"]
[SourceTitle "EXT 2012"]
[Source "ChessBase"]
[SourceDate "2011.11.24"]
[SourceVersion "1"]
[SourceVersionDate "2011.11.24"]
[SourceQuality "1"]

1. d4 f5 2. g3 g6 3. Bg2 Bg7 4. c4 c6 5. Nc3 Nf6 6. Nf3 0-0 7. 0-0 d5 8. cxd5 cxd5 9. Ne5 Ne4 10. Qb3 e6 11. Nxe4 fxe4 12. Bf4 b6 13. f3 exf3 14. exf3 Bb7 15. Qe3 Na6 16. Ng4 Qe7 17. Be5 Rae8 18. Rac1 h5 19. Bxg7 Qxg7 20. Ne5 Kh7 21. Rfe1 Nb8 22. f4 Re7 23. Qa3 Ba6 24. Nf3 Qf6 25. Kh1 Kg7 26. Ng5 Rfe8 27. Qd6 Rd7 28. Rc7 Ree7 29. Rxd7 Nxd7 30. Rxe6 Rxe6 31. Nxe6+ Kh6 32. Qxd7 Bd3 33. Ng5 1-0

[Event "HUN-chT 0809"]
[Site "Hungary"]
[Date "2009.02.15"]
[Round "9"]
[White "Gara, Ticia"]
[Black "Vince, Andrea"]
[Result "1-0"]
[WhiteElo "2312"]
[BlackElo "2029"]
[PlyCount "49"]
[EventDate "2008.10.26"]
[EventType "team-tourn"]
[EventRounds "11"]
[EventCountry "HUN"]
[SourceTitle "EXT 2010"]
[Source "ChessBase"]
[SourceDate "2010.11.25"]
[SourceVersion "1"]
[SourceVersionDate "2010.11.25"]
[SourceQuality "1"]
[WhiteTeam "Aquaprofit"]
[BlackTeam "Decs"]
[WhiteTeamCountry "HUN"]
[BlackTeamCountry "HUN"]

1. e4 c5 2. Nf3 Nc6 3. d4 cxd4 4. Nxd4 e5 5. Nb5 d6 6. Be3 Be7 7. N1c3 a6 8. Nd5 axb5 9. Bb6 Qd7 10. Nc7+ Kf8 11. Nxa8 Nf6 12. f3 Nb4 13. c3 Na6 14. Be3 Qc6 15. a4 bxa4 16. Qxa4 Qxa4 17. Rxa4 Bd7 18. Ra1 Nb8 19. Ra7 Bc6 20. b4 b5 21. Rc7 Bd7 22. Rb7 Nc6 23. Bxb5 Ke8 24. Nb6 Kd8 25. Nxd7 1-0